000 00532nam a2200181Ia 4500
003 GCL
008 140319s9999 xx 000 0 ara d
040 _aGCL /
_cGCL
082 0 4 _a273
_bا ش
100 1 _aابراهيم السعيد
245 1 0 _aشرح اصول الايمان /
_cابراهيم السعيد
700 1 _aواطسون, اندراوس
260 _a[S.N] :
_bدار الثقافة العربية ،
_c1988
300 _a564 ص
490 _a
650 0 4 _aالعقيدة المسيحية
942 _2ddc
_cBK
999 _c53296
_d53296